01004naa a22002777a 4500001001000000003000900010005001700019007000300036008003400039040005400073041000900127072001400136090001800150100002200168245004400190260003700234500010400271650001000375650001100385650001000396773010300406909003600509942001400545999001900559952014800578BR9403886BR-BrBNA20240918181151.0ta230509b bl.||||| |||| 00| 0 por d aBR-BrBNAbporcBiblioteca Nacional de Agricultura a(Pt) aE70b9702 aE70 BR94038861 aHomem de Melo, F.1 aA evolucao recente do mercado de carnes3 aSao Paulo, SP (Brasil): c1982.  aPolitica agricola e composicao da producao Sao Paulo, SP (Brasil): 1982. p. 9-16 (BR9403886-AM)E70  aCarne aBovino aPreco0 tPolitica agricola e composicao da producaobwE70 BR9403886gSao Paulo, SP (Brasil), 1982. p. 9-16 a202404bLuciac55dLucia Elande cAM2AGRIS c323916d323916 002AGRIS40708Acervo Gerala41918b41918cAgrobasel0oE70 BR9403884r2024-05-20t01yAM10d2024-04-11ePortaria Interministerial nÂș 164/94